Ubytovací systém pre študentov Ekonomickej Univerzity v Bratislave bakalárska práca

Saved in:
Bibliographic Details
Main Author: Rodáková, Magdaléna
Corporate Author: Fakulta hospodárskej informatiky EU. Katedra aplikovanej informatiky
Other Authors: Procházka, Peter, 1968-
Format: Book
Language:Slovak
Published: Bratislava 2024
Tags: Add Tag
No Tags, Be the first to tag this record!

MARC

LEADER 00000nbm a2200000 4500
001 0302550
005 20250902144652.6
041 0 |a slo 
044 |a SK 
245 1 0 |a Ubytovací systém pre študentov Ekonomickej Univerzity v Bratislave  |b bakalárska práca  |c Magdaléna Rodáková ; školiteľ: Peter Procházka 
264 1 |a Bratislava  |c 2024 
300 |a 47 s. 
100 1 |a Rodáková, Magdaléna 
700 1 |a Procházka, Peter, 1968- 
710 2 |a Fakulta hospodárskej informatiky EU. Katedra aplikovanej informatiky